Dôchodkový vyrovnávací účinok a globálny obchod bakalárska práca

Salvato in:
Dettagli Bibliografici
Autore principale: Sova, Adam
Ente Autore: Fakulta medzinárodných vzťahov EU. Katedra medzinárodných ekonomických vzťahov a hospodárskej diplomacie
Altri autori: Kunička, Michal, 1990-
Natura: Libro
Lingua:slovacco
Pubblicazione: Bratislava 2025
Tags: Aggiungi Tag
Nessun Tag, puoi essere il primo ad aggiungerne!!

MARC

LEADER 00000nbm a2200000 4500
001 0309674
005 20260114130438.7
041 0 |a slo 
044 |a SK 
245 1 0 |a Dôchodkový vyrovnávací účinok a globálny obchod  |b bakalárska práca  |c Adam Sova ; školiteľ: Michal Kunička 
264 1 |a Bratislava  |c 2025 
300 |a 57 s. 
100 1 |a Sova, Adam 
700 1 |a Kunička, Michal, 1990- 
710 2 |a Fakulta medzinárodných vzťahov EU. Katedra medzinárodných ekonomických vzťahov a hospodárskej diplomacie